Statistiques concernant Paroles Et un jour une femme-Florent Pagny

Cliquez ici pour prendre le quiz!

Statistiques générales

  • Ce quiz a été pris 234 fois
  • Le résultat moyen est 230 sur 285

Statistiques - réponses

Réponse% Correct
Et
99%
femme
99%
jour
99%
Jour
99%
un
99%
une
99%
le
98%
Le
98%
a
96%
à
96%
Vous
96%
vous
96%
la
95%
se
95%
elle
94%
sa
94%
ce
92%
Ce
92%
Comme
92%
de
92%
De
92%
monde
91%
Porte
91%
porte
91%
que
91%
dans
90%
ses
90%
sur
90%
du
89%
les
89%
Dont
88%
dont
88%
Par
88%
épaules
87%
jusqu'a
87%
jusqu'à
87%
qu'elle
87%
regard
87%
bout
85%
main
85%
Pour
85%
cette
84%
votre
84%
Des
82%
des
82%
son
82%
aime
81%
autre
81%
jusqu'au
81%
Jusqu'au
81%
Met
81%
pas
81%
d'un
80%
même
80%
l'amour
77%
plus
77%
d'elle
76%
En
75%
en
75%
force
75%
Parce
75%
inonde
73%
parler
73%
tout
73%
après
72%
frôle
72%
Puis
72%
puis
72%
prouve
70%
profondes
68%
nuits
67%
Vos
67%
bouche
65%
passé
65%
petit
65%
écorce
64%
soi
64%
donne
63%
rêver
63%
blanches
62%
plaies
62%
contes
60%
fées
60%
imaginer
60%
laissé
60%
rue
60%
Sans
60%
toute
60%
Terre
59%
Chaque
58%
chaque
58%
dignité
58%
entière
58%
touche
58%
rien
57%
taire
57%
vouloir
57%
attend
56%
D'avoir
56%
laissent
56%
seconde
56%
enfance
55%
déçues
54%
illusions
54%
Lui
54%
Passer
52%
demander
51%
inaperçu
51%
qu'on
51%
Recouvre
51%
redonne
51%
confiance
50%
poussière
50%
bas
47%
D'être
47%
d'être
47%
perdu
47%
tombé
47%
achever
46%
debout
46%
front
46%
patience
46%
remet
46%
vienne
46%
l'envie
42%
peut-être
40%
surtout
40%
avenir
39%
Trouver
33%

Distribution des résultats

Percentile par nombre de réponses

% des personnes avec chaque résultat

Votre développement - résultats

Vous n’avez pas pris ce quiz